| 000 | 00584 a2200169 4500 | ||
|---|---|---|---|
| 003 | NUST | ||
| 005 | 20251103141342.0 | ||
| 040 | _cNust | ||
| 082 | _a621.382,ULL | ||
| 100 |
_aSalmat Ullah, NC Shakeel (TE-43-B) _9131434 |
||
| 245 |
_aTiming Synchronization in Mimo OFDM (Multiantenna)Systems Using Preamble Auto-correlation / _cNC Shakeel Salamat Ullah , NC Muhammad Ahsan Liaqat , NC Muhammad Jehanzaib Rao and NC Ammar Ahmad |
||
| 260 |
_aRawalpindi _bMCS _cAugust 2010 |
||
| 300 | _a140: p. | ||
| 650 |
_aUG Projects _998716 |
||
| 651 |
_aTE-43-B _9131435 |
||
| 942 |
_2ddc _cPR |
||
| 999 |
_c188355 _d188355 |
||